<?xml version="1.0" encoding="UTF-8"?>
<record
    xmlns:xsi="http://www.w3.org/2001/XMLSchema-instance"
    xsi:schemaLocation="http://www.loc.gov/MARC21/slim http://www.loc.gov/standards/marcxml/schema/MARC21slim.xsd"
    xmlns="http://www.loc.gov/MARC21/slim">

  <leader>00892nam a2200277Ia 4500</leader>
  <datafield tag="999" ind1=" " ind2=" ">
    <subfield code="c">54590</subfield>
    <subfield code="d">54590</subfield>
  </datafield>
  <controlfield tag="001">21656</controlfield>
  <controlfield tag="003">GE_BSU</controlfield>
  <controlfield tag="005">20230731152633.0</controlfield>
  <controlfield tag="008">181216s2010||||Pl |||||||||||||| ||pol||</controlfield>
  <datafield tag="020" ind1=" " ind2=" ">
    <subfield code="a">9788360229248</subfield>
  </datafield>
  <datafield tag="040" ind1=" " ind2=" ">
    <subfield code="c">GE_BSU</subfield>
  </datafield>
  <datafield tag="041" ind1=" " ind2=" ">
    <subfield code="a">pol</subfield>
  </datafield>
  <datafield tag="080" ind1=" " ind2=" ">
    <subfield code="a">811.162.1 M-24</subfield>
  </datafield>
  <datafield tag="100" ind1=" " ind2=" ">
    <subfield code="a">Malolepsza, M. </subfield>
    <subfield code="9">19578</subfield>
  </datafield>
  <datafield tag="245" ind1=" " ind2=" ">
    <subfield code="a">Hurra!!! Po Polsku : Student's Textbook Volume 1.  A1 :</subfield>
    <subfield code="b">Propozycja programowa na poziom A1 /</subfield>
    <subfield code="c">M. Malolepsza,  A. Szymkiewicz.</subfield>
  </datafield>
  <datafield tag="264" ind1=" " ind2=" ">
    <subfield code="a">Krakow :</subfield>
    <subfield code="b">Prolog,</subfield>
    <subfield code="c">2010.</subfield>
  </datafield>
  <datafield tag="300" ind1=" " ind2=" ">
    <subfield code="a">166 p. ;</subfield>
    <subfield code="c">27 cm.</subfield>
  </datafield>
  <datafield tag="520" ind1=" " ind2=" ">
    <subfield code="a">&#x10D3;&#x10D8;&#x10E1;&#x10D9;&#x10D8; &#x10D0;&#x10E5; &#x10D0;&#x10EE;&#x10DA;&#x10D0;&#x10D5;&#x10E1;</subfield>
  </datafield>
  <datafield tag="541" ind1=" " ind2=" ">
    <subfield code="h">10 Gel.</subfield>
  </datafield>
  <datafield tag="653" ind1=" " ind2=" ">
    <subfield code="a">Hurra!!! Po Polsku: Student's Textbook Volume 1</subfield>
  </datafield>
  <datafield tag="653" ind1=" " ind2=" ">
    <subfield code="a">Propozycja programowa na poziom A1</subfield>
  </datafield>
  <datafield tag="653" ind1=" " ind2=" ">
    <subfield code="a">&#x41F;&#x43E;&#x43B;&#x44C;&#x441;&#x43A;&#x438;&#x439; &#x44F;&#x437;&#x44B;&#x43A;</subfield>
  </datafield>
  <datafield tag="653" ind1=" " ind2=" ">
    <subfield code="a">&#x10DE;&#x10DD;&#x10DA;&#x10DD;&#x10DC;&#x10E3;&#x10E0;&#x10D8; &#x10D4;&#x10DC;&#x10D0;</subfield>
  </datafield>
  <datafield tag="700" ind1=" " ind2=" ">
    <subfield code="a">Jasinska, A.</subfield>
    <subfield code="e">Author</subfield>
    <subfield code="9">19581</subfield>
  </datafield>
  <datafield tag="942" ind1=" " ind2=" ">
    <subfield code="c">BK</subfield>
    <subfield code="2">udc</subfield>
  </datafield>
  <datafield tag="952" ind1=" " ind2=" ">
    <subfield code="0">0</subfield>
    <subfield code="1">0</subfield>
    <subfield code="2">udc</subfield>
    <subfield code="4">0</subfield>
    <subfield code="6">8111621_M24</subfield>
    <subfield code="7">0</subfield>
    <subfield code="9">78157</subfield>
    <subfield code="a">CPL</subfield>
    <subfield code="b">CPL</subfield>
    <subfield code="c">GEN</subfield>
    <subfield code="d">2018-12-17</subfield>
    <subfield code="g">10.00</subfield>
    <subfield code="o">811.162.1 M-24</subfield>
    <subfield code="p">55671</subfield>
    <subfield code="r">2018-12-17</subfield>
    <subfield code="t">55671</subfield>
    <subfield code="w">2018-12-17</subfield>
    <subfield code="y">BK</subfield>
    <subfield code="z">10.00 GEL.</subfield>
  </datafield>
</record>
